Ảnh hưởng của dầu đậu nành đến môi trường dạ cỏ, sự tiêu hóa và năng suất của bò lai Sind : (Chuyên ngành chăn nuôi động vật)

Nội dung đề tài tìm hiểu ảnh hưởng của việc uống dầu đậu nành đến sự thay đổi dạ cỏ, phân giải vật chất khô của thức ăn trong dạ cỏ của bò theo thời gian, lượng thức ăn ăn vào và tỷ lệ tiêu hóa thức ăn của bò....

全面介紹

Đã lưu trong:
書目詳細資料
主要作者: Nguyễn, Thị Hồng Nhân
格式: 圖書
語言:Undetermined
出版: Cần Thơ Trường Đại học Cần Thơ 2008
主題:
標簽: 添加標簽
沒有標簽, 成為第一個標記此記錄!
Thư viện lưu trữ: Trung tâm Học liệu Trường Đại học Cần Thơ
LEADER 01104nam a2200217Ia 4500
001 CTU_135981
008 210402s9999 xx 000 0 und d
082 |a 636.2 
082 |b Nh121 
088 |a 60620105 
100 |a Nguyễn, Thị Hồng Nhân 
245 0 |a Ảnh hưởng của dầu đậu nành đến môi trường dạ cỏ, sự tiêu hóa và năng suất của bò lai Sind : 
245 0 |b (Chuyên ngành chăn nuôi động vật) 
260 |a Cần Thơ 
260 |b Trường Đại học Cần Thơ 
260 |c 2008 
520 |a Nội dung đề tài tìm hiểu ảnh hưởng của việc uống dầu đậu nành đến sự thay đổi dạ cỏ, phân giải vật chất khô của thức ăn trong dạ cỏ của bò theo thời gian, lượng thức ăn ăn vào và tỷ lệ tiêu hóa thức ăn của bò. 
650 |a Cattle,Gia súc 
650 |x Breeding,Chăn nuôi 
904 |i Tuyến 
980 |a Trung tâm Học liệu Trường Đại học Cần Thơ